| 000 | 00503nam a2200181Ia 4500 | ||
|---|---|---|---|
| 001 | 692 | ||
| 005 | 20260306140536.0 | ||
| 008 | 260306t1970||||xx |||||||||||||| ||spa|| | ||
| 041 | _aESP | ||
| 082 |
_a141 _bI47 |
||
| 100 |
_aInciarte, Von Fernando _eAUT |
||
| 245 | 0 |
_aTranszendentale einbildungskraft : _bzu fichtes fruhphilosophie im zusammen hang des transzendentalen idealismus |
|
| 260 | _c1970 | ||
| 300 |
_a172 páginas : _c23 cm. |
||
| 650 | _aGEN | ||
| 654 | _aCHU | ||
| 942 |
_cLIB _dJUS _fJUS _2ddc _n |
||
| 999 |
_c692 _d692 |
||